| 000 | 00382nam a22001457a 4500 | ||
|---|---|---|---|
| 003 | OSt | ||
| 008 | 210915b ||||| |||| 00| 0 eng d | ||
| 020 | _a9789389130089 | ||
| 082 |
_a630.954 _bNAN/FA |
||
| 100 |
_aNanwal,R.K _95055 |
||
| 245 | _aFarming System & Sustainable Agriculture | ||
| 260 |
_aNew Delhi _bNew India Publishing Agency _c2020 |
||
| 300 | _a206 Pages | ||
| 942 | _cBK | ||
| 999 |
_c17425 _d17425 |
||